KOHA-Header-6

Proteins : concepts in Biochemistry (Record no. 1656)

000 -LEADER
fixed length control field 00313nam a2200121Ia 4500
008 - FIXED-LENGTH DATA ELEMENTS--GENERAL INFORMATION
fixed length control field 190723s9999 xx 000 0 und d
020 ## - INTERNATIONAL STANDARD BOOK NUMBER
International Standard Book Number 978-0-8153-4502-2
100 ## - MAIN ENTRY--PERSONAL NAME
Personal name Paulo Almeida
245 #0 - TITLE STATEMENT
Title Proteins : concepts in Biochemistry
260 ## - PUBLICATION, DISTRIBUTION, ETC. (IMPRINT)
Place of publication, distribution, etc New York
Name of publisher, distributor, etc Garland Science
Date of publication, distribution, etc 2016
300 ## - PHYSICAL DESCRIPTION
Extent 395.:p
942 ## - ADDED ENTRY ELEMENTS (KOHA)
Koha item type Books
Holdings
Withdrawn status Lost status Damaged status Not for loan Permanent Location Current Location Shelving location Date acquired Total Checkouts Full call number Barcode Date last seen Date checked out Price effective from Koha item type
        MAJU MAJU Shelf No.A36 2019-07-23 1 572.6 8279 2024-01-12 2023-12-27 2019-07-23 Bio Science

Powered by Koha